Spanish Most Common Verbs - Statistics

General Stats
  • This quiz has been taken 73 times
  • The average score is 52 of 100
Answer Stats
Hint Answer % Correct
Ser To be
96%
Estar To be
93%
Ir To go
91%
Tener To have
91%
Jugar To play
89%
Saber To know
83%
Querer To want
83%
Leer To read
81%
Hablar To speak
80%
Decir To say
78%
Trabajar To work
78%
Escribir To write
78%
Creer To believe
76%
Necesitar To need
76%
Dormir To sleep
76%
Estudiar To study
76%
Bailar To dance
74%
Oir To hear
74%
Ayudar To help
74%
Usar To use
74%
Preguntar To ask
72%
Beber To drink
72%
Dar To give
72%
Ver To see
72%
Morir To die
70%
Gustar To like
70%
Pensar To think
70%
Comprar To buy
69%
Venir To come
69%
Hacer To do
69%
Comer To eat
69%
Escuchar To listen
69%
Abrir To open
69%
Pagar To pay
69%
Cantar To sing
69%
Haber To have
67%
Vivir To live
67%
Viajar To travel
67%
Cerrar To close
63%
Correr To run
61%
Traer To bring
59%
Existir To exist
59%
Pintar To paint
59%
Llamar To call
57%
Sentirse To feel
56%
Terminar To finish
56%
Vender To sell
56%
Decidir To decide
54%
Recordar To remember
54%
Poder To be able to
52%
Cambiar To change
52%
Entrar To enter
52%
Seguir To follow
52%
Nacer To be born
50%
Volver To return
50%
Tomar To take
50%
Ensenar To teach
50%
Esperar To wait
50%
Ganar To win
50%
Contar To count
48%
Olvidar To forget
48%
Perder To lose
48%
Poner To put
48%
Conducir To drive
46%
Encontrar To find
46%
Buscar To look for
46%
Empezar To start
46%
Traducir To translate
46%
Sentarse To sit
44%
Tocar To touch/play
44%
Doler To hurt
43%
Encantar To love
43%
Vestirse To get dressed
41%
Entender To understand
41%
Llegar To arrive
39%
Despertarse To wake up
39%
Salir To go out
37%
Andar To walk
37%
Interesar To interest
35%
Conocer To meet
33%
Acostarse To go to bed
31%
Mirar To look at
31%
Permitir To allow
30%
Recibir To recieve
20%
Paracer To seem
20%
Responder To answer
19%
Subir To climb
17%
Levantar To lift
17%
Pedir To order
15%
Compartir To share
15%
Aprender To understand
13%
Partir To leave
11%
Llevar To take
11%
Discutir To argue
9%
Prometer To promise
7%
Inentar To try
7%
Deber Must
4%
Meter To place
2%
Perseguir To pursuit
2%
Conseguir To succeed
0%
No matching quizzes found
Score Distribution
Percent of People with Each Score
Percentile by Number Answered
Your Score History
You have not taken this quiz